| 000 | 00564nam a2200205 4500 | ||
|---|---|---|---|
| 001 | 15754 | ||
| 010 | _a9789720014979 | ||
| 021 | _b291705/09 | ||
| 090 | _a15754 | ||
| 100 | _a20101028d2009 em y0pory50030103ba | ||
| 200 | 1 | _aDicionário de francês-português, português-francês | |
| 205 | _a1ª ed. reimp | ||
| 210 | 9 |
_aPorto _cPorto Editora, _d2020 |
|
| 215 |
_a1308, [2] p. _d19 cm _e1 CD-ROM |
||
| 225 | 2 | _aDicionários modernos | |
| 300 | _aPADES | ||
| 675 |
_a(038)=134.1=133.1 _vBN _zpor |
||
| 675 |
_a(038)=133.1=134.3 _vBN _zpor |
||
| 801 | 0 |
_aPT _bBN _gRPC |
|
| 990 | _cLIVROS | ||